[Event "Ruhrgebiet Seniors op 13th"]
[Site "Essen"]
[Date "2006.04.10"]
[Round "7"]
[White "Fiedler, Eduard"]
[Black "Gierse, Heinz Dieter"]
[Result "0-1"]
[WhiteElo "1686"]
[BlackElo "1952"]
[PlyCount "94"]
[EventDate "2006.03.28"]
[EventType "swiss"]
[EventRounds "9"]
[EventCountry "GER"]
[SourceTitle "EXT 2007"]
[Source "ChessBase"]
[SourceDate "2006.11.23"]
[SourceVersion "1"]
[SourceVersionDate "2006.11.23"]
[SourceQuality "1"]

1. e4 d5 2. exd5 Nf6 3. Nf3 Nxd5 4. Nc3 Nxc3 5. bxc3 e6 6. d4 Bd6 7. Bd3 Nd7 8. 0-0 Nf6 9. Bg5 h6 10. Bh4 Be7 11. Ne5 0-0 12. Rb1 c5 13. Nf3 b6 14. c4 Bb7 15. Bxf6 Bxf6 16. dxc5 Bxf3 17. Qxf3 bxc5 18. Rb5 Bd4 19. Qe4 g6 20. Rb3 Qa5 21. a3 Rab8 22. Rfb1 Rxb3 23. Rxb3 Kg7 24. Kf1 Qd2 25. Qe1 Qxe1+ 26. Kxe1 f5 27. Rb7+ Rf7 28. Rxf7+ Kxf7 29. f3 Bc3+ 30. Ke2 Kf6 31. f4 g5 32. g3 e5 33. fxe5+ Kxe5 34. h3 f4 35. Kf3 fxg3 36. Kxg3 Kd4 37. Kg4 Bd2 38. Kh5 Kc3 39. Kg4 a5 40. h4 gxh4 41. Kxh4 a4 42. Kg3 Kb2 43. Kf2 Kxa3 44. Ke2 Bc3 45. Bg6 Kb4 46. Kd1 a3 47. Kc1 a2 0-1

[Event "Bad Ems Seniors op 3rd"]
[Site "Bad Ems"]
[Date "2006.03.08"]
[Round "6"]
[White "Fiedler, Eduard"]
[Black "Maczollek, Helmut"]
[Result "1-0"]
[WhiteElo "1660"]
[BlackElo "1337"]
[PlyCount "179"]
[EventDate "2006.03.04"]
[EventType "swiss"]
[EventRounds "9"]
[EventCountry "GER"]
[SourceTitle "EXT 2007"]
[Source "ChessBase"]
[SourceDate "2006.11.23"]
[SourceVersion "1"]
[SourceVersionDate "2006.11.23"]
[SourceQuality "1"]

1. e4 d5 2. exd5 Qxd5 3. Nc3 Qa5 4. Nf3 Nf6 5. Be2 Bf5 6. Nd4 Bg6 7. Nb3 Qf5 8. d3 e6 9. 0-0 c6 10. g4 Qe5 11. f4 Qc7 12. Be3 h6 13. Kg2 Nd5 14. Nxd5 exd5 15. f5 Bh7 16. Bf4 Bd6 17. Bg3 Bxg3 18. hxg3 Nd7 19. d4 0-0-0 20. a4 f6 21. a5 a6 22. c4 Rde8 23. cxd5 Re3 24. Rf3 Rhe8 25. Rxe3 Rxe3 26. Bf3 Nb8 27. dxc6 b6 28. Kf2 Re7 29. Qd2 Bg8 30. d5 bxa5 31. Nxa5 Qb6+ 32. Kg2 Qe3 33. Qxe3 Rxe3 34. Kf2 Rd3 35. Nc4 Bxd5 36. Bxd5 Kc7 37. Be6 Kxc6 38. Re1 Kc5 39. Ne3 Nc6 40. Rc1+ Kd6 41. Nc4+ Ke7 42. Re1 Kd8 43. Re2 Nd4 44. Rd2 Rxd2+ 45. Nxd2 Nc6 46. Bc4 a5 47. b3 Ne5 48. Be2 Kc7 49. Ke3 Nc6 50. Kd3 Kb6 51. Kc3 Kc7 52. Nc4 Kd7 53. Nb6+ Kd6 54. Nc4+ Kc5 55. Bf3 Nd4 56. Bd1 Nb5+ 57. Kd3 Kb4 58. Nb6 Nc3 59. Bc2 Nb5 60. Nd5+ Kc5 61. Nf4 Kd6 62. Nh5 Ke5 63. Nxg7 Nd6 64. Ke3 Nb5 65. Ne6 Nc3 66. Nd8 Nd5+ 67. Kf3 Kd4 68. Nc6+ Kc3 69. Be4 Kxb3 70. Bxd5+ Ka4 71. Nd8 Kb4 72. Nf7 Kc5 73. Be6 Kc6 74. Nxh6 Kd6 75. Kf4 Ke7 76. Ng8+ Kf8 77. Nxf6 Kg7 78. g5 a4 79. Nd5 a3 80. Nc3 Kh8 81. Nb5 a2 82. Bxa2 Kg7 83. g4 Kh8 84. Nd6 Kg7 85. g6 Kh8 86. Kg5 Kg7 87. f6+ Kh8 88. Nf7+ Kg8 89. Nh6+ Kh8 90. g7+ 1-0

[Event "Bad Ems Seniors op 3rd"]
[Site "Bad Ems"]
[Date "2006.03.06"]
[Round "4"]
[White "Delander, Adolf"]
[Black "Fiedler, Eduard"]
[Result "1-0"]
[WhiteElo "1951"]
[BlackElo "1660"]
[PlyCount "55"]
[EventDate "2006.03.04"]
[EventType "swiss"]
[EventRounds "9"]
[EventCountry "GER"]
[SourceTitle "EXT 2007"]
[Source "ChessBase"]
[SourceDate "2006.11.23"]
[SourceVersion "1"]
[SourceVersionDate "2006.11.23"]
[SourceQuality "1"]

1. Nf3 g6 2. e4 Bg7 3. d4 d6 4. Bc4 e6 5. 0-0 Ne7 6. Bb3 0-0 7. Be3 b6 8. c4 Bb7 9. Nc3 Na6 10. Qd2 c5 11. d5 e5 12. Bh6 f6 13. Bxg7 Kxg7 14. h3 Nc7 15. Nh2 a6 16. f4 b5 17. fxe5 fxe5 18. Rxf8 Qxf8 19. Rf1 Qe8 20. a4 b4 21. Ne2 a5 22. Ng3 Bc8 23. Bd1 Bd7 24. b3 Ng8 25. Bg4 Qe7 26. Bxd7 Qxd7 27. Qg5 Qe7 28. Nf5+ 1-0

[Event "Essen op04"]
[Site "Essen"]
[Date "2005.04.18"]
[Round "7"]
[White "Fiedler, Eduard"]
[Black "Hait, Simon"]
[Result "1/2-1/2"]
[WhiteElo "1722"]
[BlackElo "1659"]
[PlyCount "31"]
[EventDate "2005.04.04"]
[EventType "swiss"]
[EventRounds "9"]
[EventCountry "GER"]
[SourceTitle "EXT 2007"]
[Source "ChessBase"]
[SourceDate "2006.11.23"]
[SourceVersion "1"]
[SourceVersionDate "2006.11.23"]
[SourceQuality "1"]

1. e4 e5 2. Nf3 d6 3. Nc3 a6 4. a4 Be7 5. Bc4 g6 6. d3 Nf6 7. h3 Nc6 8. Be3 Bd7 9. Bd5 Rc8 10. Qd2 Nxd5 11. Nxd5 Be6 12. Nxe7 Qxe7 13. c4 0-0 14. b4 f5 15. exf5 Bxf5 16. Qc3 1/2-1/2

[Event "Essen op04"]
[Site "Essen"]
[Date "2005.04.11"]
[Round "4"]
[White "Fiedler, Eduard"]
[Black "Vossen, Leo"]
[Result "1/2-1/2"]
[WhiteElo "1722"]
[BlackElo "1823"]
[PlyCount "40"]
[EventDate "2005.04.04"]
[EventType "swiss"]
[EventRounds "9"]
[EventCountry "GER"]
[SourceTitle "EXT 2007"]
[Source "ChessBase"]
[SourceDate "2006.11.23"]
[SourceVersion "1"]
[SourceVersionDate "2006.11.23"]
[SourceQuality "1"]

1. c4 Nf6 2. d4 c6 3. Nc3 d5 4. e3 Bf5 5. Nf3 e6 6. Bd2 Bd6 7. c5 Bc7 8. b4 a6 9. a4 Nbd7 10. a5 e5 11. Be2 0-0 12. 0-0 Ne4 13. Be1 Qf6 14. Rc1 Qh6 15. dxe5 Nxe5 16. Nxe5 Bxe5 17. f4 Bc7 18. Bf3 Rad8 19. Ne2 Rfe8 20. Nd4 Bc8 1/2-1/2

[Event "Wch Seniors 14th"]
[Site "Halle"]
[Date "2004.10.29"]
[Round "6"]
[White "Luebbers, Doris"]
[Black "Fiedler, Eduard"]
[Result "0-1"]
[WhiteElo "1309"]
[BlackElo "1652"]
[PlyCount "88"]
[EventDate "2004.10.24"]
[EventType "swiss"]
[EventRounds "11"]
[EventCountry "GER"]
[SourceTitle "EXT 2005"]
[Source "ChessBase"]
[SourceDate "2004.11.15"]
[SourceVersion "1"]
[SourceVersionDate "2004.11.15"]
[SourceQuality "1"]

1. d4 e5 2. dxe5 Nc6 3. Nf3 Qe7 4. e3 Nxe5 5. Be2 c6 6. 0-0 d6 7. b3 Bf5 8. Bb2 0-0-0 9. Nbd2 Qf6 10. Qc1 Qe7 11. Nxe5 dxe5 12. Nf3 f6 13. Rd1 Rd7 14. Rxd7 Bxd7 15. a4 Qe8 16. h3 g5 17. Nh2 h5 18. Qf1 Bc5 19. c3 Nh6 20. b4 Bd6 21. b5 g4 22. bxc6 Bxc6 23. Bb5 gxh3 24. Bxc6 Qxc6 25. g3 Qd7 26. Qb5 Qe6 27. Rd1 h4 28. Qd5 Qxd5 29. Rxd5 Kc7 30. g4 Rg8 31. f3 Kc6 32. e4 Nf7 33. Kh1 a6 34. Nf1 Bc5 35. Bc1 b5 36. a5 Rd8 37. Rxd8 Nxd8 38. Kh2 Ne6 39. Kxh3 Bf2 40. Be3 Be1 41. Bd2 Ng5+ 42. Bxg5 fxg5 43. Ne3 Bxc3 44. Nd5 b4 0-1

[Event "Wch Seniors 14th"]
[Site "Halle"]
[Date "2004.10.28"]
[Round "5"]
[White "Weber, Gerhard"]
[Black "Fiedler, Eduard"]
[Result "1-0"]
[WhiteElo "1866"]
[BlackElo "1652"]
[PlyCount "107"]
[EventDate "2004.10.24"]
[EventType "swiss"]
[EventRounds "11"]
[EventCountry "GER"]
[SourceTitle "EXT 2005"]
[Source "ChessBase"]
[SourceDate "2004.11.15"]
[SourceVersion "1"]
[SourceVersionDate "2004.11.15"]
[SourceQuality "1"]

1. c4 e5 2. Nc3 c6 3. Nf3 Qc7 4. d4 d6 5. e4 Nf6 6. h3 Be7 7. Be2 0-0 8. 0-0 h6 9. Be3 b6 10. Qc2 Be6 11. Rfd1 Rc8 12. Rac1 a6 13. b3 c5 14. dxe5 dxe5 15. Nd5 Bxd5 16. cxd5 Bd6 17. Nh4 Nbd7 18. Nf5 Kh7 19. Bd3 Bf8 20. Qd2 Ng8 21. f4 g6 22. Nh4 Bd6 23. g3 Be7 24. Nf3 f6 25. Kg2 Bd6 26. fxe5 Nxe5 27. Nxe5 Bxe5 28. Bf4 Qd6 29. Rf1 Re8 30. Bxe5 Qxe5 31. b4 Rab8 32. bxc5 bxc5 33. Rxc5 Rb2 34. Rc2 Reb8 35. Rf2 R2b7 36. Qc3 Qe7 37. Qd4 Rb4 38. Rc4 R4b6 39. Rfc2 R8b7 40. Qc3 Rd6 41. Rc7 Rd7 42. Rxb7 Rxb7 43. Qd4 Qd6 44. h4 h5 45. Qa4 Rb4 46. Qxa6 Qb8 47. Qc6 Qe5 48. Qd7+ Kh8 49. Rc7 Rb2+ 50. Kf3 Rf2+ 51. Kxf2 Qd4+ 52. Ke2 Qb2+ 53. Bc2 f5 54. Qh7# 1-0

[Event "Ruhrgebiet-ch Seniors 11th"]
[Site "Essen"]
[Date "2004.03.23"]
[Round "8"]
[White "Fiedler, Eduard"]
[Black "Maletzki, Heinz"]
[Result "1-0"]
[WhiteElo "1687"]
[BlackElo "1580"]
[PlyCount "104"]
[EventDate "2004.03.08"]
[EventType "swiss"]
[EventRounds "9"]
[EventCountry "GER"]
[SourceTitle "EXT 2006"]
[Source "ChessBase"]
[SourceDate "2005.11.24"]
[SourceVersion "1"]
[SourceVersionDate "2005.11.24"]
[SourceQuality "1"]

1. d4 c5 2. d5 d6 3. c4 Nf6 4. Nc3 Nbd7 5. f3 g6 6. e4 Bg7 7. Bd3 0-0 8. Nge2 a6 9. 0-0 Ne8 10. f4 Bxc3 11. Nxc3 Ng7 12. h3 f5 13. exf5 Nxf5 14. Bxf5 Rxf5 15. Ne2 Qf8 16. Bd2 b5 17. b3 b4 18. a3 bxa3 19. Rxa3 Rf7 20. Ra1 Nf6 21. Qc2 Bf5 22. Qc3 Ne4 23. Qd3 h5 24. Ng3 Nxd2 25. Qxd2 Bd7 26. Ne4 Rb8 27. Rf3 Rb6 28. Ng5 Rf6 29. g3 Qc8 30. Qe3 Qe8 31. Re1 e5 32. dxe6 Bc6 33. Rf2 Qe7 34. Rd2 a5 35. Ra2 Ra6 36. Qd2 Rb6 37. Qc3 d5 38. Rxa5 d4 39. Qd3 Bd7 40. Re5 Bxe6 41. g4 hxg4 42. hxg4 Qb7 43. Rb5 Bxg4 44. Re8+ Kg7 45. Qg3 Rxb5 46. cxb5 Qd7 47. Re5 d3 48. Qg2 Bh5 49. Qd2 Qg4+ 50. Qg2 Qd7 51. Rd5 Qxb5 52. Qe4 Qb7 1-0

[Event "Ruhrgebiet-ch Seniors 11th"]
[Site "Essen"]
[Date "2004.03.15"]
[Round "4"]
[White "Buchal, Werner"]
[Black "Fiedler, Eduard"]
[Result "1-0"]
[WhiteElo "1792"]
[BlackElo "1687"]
[PlyCount "75"]
[EventDate "2004.03.08"]
[EventType "swiss"]
[EventRounds "9"]
[EventCountry "GER"]
[SourceTitle "EXT 2006"]
[Source "ChessBase"]
[SourceDate "2005.11.24"]
[SourceVersion "1"]
[SourceVersionDate "2005.11.24"]
[SourceQuality "1"]

1. d4 e5 2. e3 e4 3. Nd2 d5 4. Ne2 Bg4 5. h3 Bh5 6. c4 c6 7. a3 Nf6 8. Qc2 Bd6 9. c5 Bc7 10. Nc3 0-0 11. Be2 Bg6 12. b4 a6 13. a4 Qd7 14. a5 Qe6 15. Na4 Nbd7 16. Nb6 Nxb6 17. axb6 Bd8 18. b5 Qc8 19. bxa6 Qb8 20. Bb2 bxa6 21. Bxa6 Bf5 22. 0-0 Bc8 23. Bxc8 Qxc8 24. Rxa8 Qxa8 25. Ra1 Qb8 26. Ra7 g5 27. Nf1 g4 28. h4 Nh5 29. g3 f5 30. Qe2 Ng7 31. Qa6 Bf6 32. b7 Ne6 33. Ra8 Nc7 34. Rxb8 Nxa6 35. Ra8 Nb8 36. Bc3 Nd7 37. Ba5 Nxc5 38. Rxf8+ 1-0

[Event "NRW-ch op Seniors 14th"]
[Site "Beverungen"]
[Date "2003.06.22"]
[Round "9.4"]
[White "Fiedler, Eduard"]
[Black "Ljuboschiz, Alexander"]
[Result "0-1"]
[WhiteElo "1727"]
[BlackElo "2191"]
[PlyCount "36"]
[EventDate "2003.06.14"]
[EventType "swiss"]
[EventRounds "9"]
[EventCountry "GER"]
[SourceTitle "EXT 2004"]
[Source "ChessBase"]
[SourceDate "2003.11.25"]
[SourceVersion "1"]
[SourceVersionDate "2003.11.25"]
[SourceQuality "1"]

1. e4 g6 2. d4 Bg7 3. Nf3 d6 4. Bc4 Nc6 5. c3 Nf6 6. Nbd2 0-0 7. 0-0 Bg4 8. h3 Bxf3 9. Qxf3 e5 10. d5 Ne7 11. Bd3 Nd7 12. Nb3 f5 13. Qd1 Nf6 14. f3 Nh5 15. c4 Kh8 16. Be3 Ng8 17. Nd2 Bh6 18. Bf2 Nf4 0-1

[Event "NRW-ch op Seniors 14th"]
[Site "Beverungen"]
[Date "2003.06.20"]
[Round "7.7"]
[White "Fiedler, Eduard"]
[Black "Taszies, Werner"]
[Result "1/2-1/2"]
[WhiteElo "1727"]
[BlackElo "1884"]
[PlyCount "161"]
[EventDate "2003.06.14"]
[EventType "swiss"]
[EventRounds "9"]
[EventCountry "GER"]
[SourceTitle "EXT 2004"]
[Source "ChessBase"]
[SourceDate "2003.11.25"]
[SourceVersion "1"]
[SourceVersionDate "2003.11.25"]
[SourceQuality "1"]

1. c4 e5 2. e4 Nf6 3. d3 Nc6 4. Nc3 Be7 5. Nf3 d6 6. Be2 0-0 7. 0-0 h6 8. h3 Be6 9. a3 a5 10. Be3 Qd7 11. Nd5 Nh7 12. Nxe7+ Qxe7 13. Qd2 f5 14. exf5 Bxf5 15. Nh2 Nf6 16. Bg4 Nxg4 17. hxg4 Be6 18. f3 a4 19. Rae1 g5 20. Qc2 Qf7 21. Qd2 Qg6 22. Rf2 Rfb8 23. Rc1 Na5 24. Qc3 Nb3 25. Rd1 c5 26. Qe1 b5 27. Qe2 Na5 28. Bd2 Nb3 29. cxb5 Rxb5 30. Bc3 Rab8 31. Qe4 Qxe4 32. dxe4 R8b6 33. Nf1 Kf7 34. Ne3 Ke7 35. g3 Nd4 36. Kg2 Kf7 37. f4 Kg7 38. f5 Bf7 39. Rdd2 Nb3 40. Rd1 Na5 41. Rfd2 Nb7 42. Kf3 Ra6 43. Rh1 Ra8 44. Rdh2 Rh8 45. Rd1 Rb6 46. Rdd2 Rc6 47. Rd1 Ra6 48. Rdh1 Raa8 49. Rd1 Rac8 50. Rdh1 Ra8 51. Rd1 Ra6 52. Rdd2 h5 53. gxh5 Rxh5 54. Ng4 Ra8 55. Ne3 Rah8 56. Rxh5 Rxh5 57. Kg2 Ba2 58. Rd1 Kf7 59. g4 Rh4 60. Be1 Rh8 61. Bc3 Ke7 62. Ra1 Bb3 63. Rh1 Rxh1 64. Kxh1 Nd8 65. Kg2 Nc6 66. Kf2 Nb8 67. Kf3 Nd7 68. Bd2 Kf6 69. Kg3 Ke7 70. Nd5+ Bxd5 71. Bxg5+ Ke8 72. exd5 Nb6 73. Kf3 Nxd5 74. Ke4 Nb6 75. Bc1 Ke7 76. g5 Nd7 77. Be3 Nb6 78. Bc1 Kf7 79. Bd2 Ke7 80. Bc3 Kf7 81. Be1 1/2-1/2

[Event "NRW-ch op Seniors 14th"]
[Site "Beverungen"]
[Date "2003.06.15"]
[Round "2.22"]
[White "Fiedler, Eduard"]
[Black "Luecke, Volkmar"]
[Result "1/2-1/2"]
[WhiteElo "1727"]
[BlackElo "1997"]
[PlyCount "53"]
[EventDate "2003.06.14"]
[EventType "swiss"]
[EventRounds "9"]
[EventCountry "GER"]
[SourceTitle "EXT 2004"]
[Source "ChessBase"]
[SourceDate "2003.11.25"]
[SourceVersion "1"]
[SourceVersionDate "2003.11.25"]
[SourceQuality "1"]

1. e4 e6 2. d4 d5 3. e5 c5 4. c3 Nc6 5. Bb5 cxd4 6. cxd4 Qb6 7. Nc3 Bd7 8. Bxc6 bxc6 9. Nge2 c5 10. 0-0 f6 11. dxc5 Bxc5 12. Na4 Qc7 13. Nxc5 Qxc5 14. Be3 Qe7 15. Nc3 Qf7 16. f4 f5 17. Rf2 Ne7 18. Bc5 0-0 19. a4 Rfc8 20. Bd6 a6 21. Qd2 Rc6 22. Ne2 Ng6 23. b4 Rc4 24. a5 Rac8 25. Bc5 Bb5 26. g3 Qd7 27. Nd4 1/2-1/2

[Event "Ruhrgebiet-ch Seniors 10th"]
[Site "Essen"]
[Date "2003.03.26"]
[Round "3"]
[White "Schmitthoefer, Herbert"]
[Black "Fiedler, Eduard"]
[Result "0-1"]
[WhiteElo "1702"]
[BlackElo "1666"]
[PlyCount "62"]
[EventDate "2003.04.??"]
[EventType "swiss"]
[EventRounds "9"]
[EventCountry "GER"]
[SourceTitle "EXT 2006"]
[Source "ChessBase"]
[SourceDate "2005.11.24"]
[SourceVersion "1"]
[SourceVersionDate "2005.11.24"]
[SourceQuality "1"]

1. d4 e6 2. c4 Nf6 3. Nc3 d5 4. e3 c6 5. Bd3 Bd6 6. f4 h5 7. Nf3 Nbd7 8. Ng5 dxc4 9. Bxc4 Nb6 10. Bb3 Nfd5 11. a3 Be7 12. Nce4 f5 13. Ng3 Bxg5 14. fxg5 h4 15. e4 hxg3 16. exd5 Nxd5 17. h4 Qc7 18. Qf3 Bd7 19. Bd2 0-0-0 20. Rc1 g6 21. Bxd5 exd5 22. Bf4 Rde8+ 23. Kd2 Qb6 24. Qc3 Re4 25. Be5 Re8 26. h5 gxh5 27. Rxh5 R8xe5 28. Rh8+ Re8 29. Rxe8+ Bxe8 30. Qxg3 Qxd4+ 31. Kc2 Re2+ 0-1

[Event "Ruhrgebiet-ch Seniors 10th"]
[Site "Essen"]
[Date "2003.03.25"]
[Round "2"]
[White "Fiedler, Eduard"]
[Black "Schwagrowski, Bernd"]
[Result "1/2-1/2"]
[WhiteElo "1666"]
[BlackElo "1463"]
[PlyCount "67"]
[EventDate "2003.04.??"]
[EventType "swiss"]
[EventRounds "9"]
[EventCountry "GER"]
[SourceTitle "EXT 2006"]
[Source "ChessBase"]
[SourceDate "2005.11.24"]
[SourceVersion "1"]
[SourceVersionDate "2005.11.24"]
[SourceQuality "1"]

1. e4 e5 2. Nf3 Nc6 3. Bc4 Nf6 4. Nc3 h6 5. 0-0 Bb4 6. d3 Bxc3 7. bxc3 d6 8. h3 0-0 9. Qe2 Na5 10. Bb3 Qe7 11. a4 b6 12. Ba2 Be6 13. c4 c5 14. Bd2 Nc6 15. c3 Qd7 16. Nh2 Nh7 17. Bb3 f5 18. f3 f4 19. Ng4 Nf6 20. Kh2 h5 21. Nf2 h4 22. Ng4 Nh5 23. Be1 Qe7 24. Rb1 Qg5 25. Bf2 Kf7 26. Qe1 Ng3 27. Rh1 Rh8 28. Bxg3 hxg3+ 29. Kg1 Rh4 30. Bd1 Rah8 31. Qe2 Ke8 32. Rb2 Rf8 33. Qd2 Qg6 34. Qe2 1/2-1/2

[Event "Wch Seniors 12th"]
[Site "Naumburg"]
[Date "2002.11.02"]
[Round "11"]
[White "Blaushtain, Boris"]
[Black "Fiedler, Eduard"]
[Result "1-0"]
[WhiteElo "2157"]
[BlackElo "1597"]
[PlyCount "65"]
[EventDate "2002.10.21"]
[EventType "swiss"]
[EventRounds "11"]
[EventCountry "GER"]
[SourceTitle "EXT 2006"]
[Source "ChessBase"]
[SourceDate "2005.11.24"]
[SourceVersion "1"]
[SourceVersionDate "2005.11.24"]
[SourceQuality "1"]

1. c4 Nf6 2. d4 d5 3. cxd5 Qxd5 4. Nc3 Qd8 5. e4 e5 6. d5 Bd6 7. Bd3 0-0 8. Nge2 Bg4 9. h3 Bh5 10. a3 c6 11. Bg5 h6 12. Be3 b6 13. 0-0 Bc5 14. Bxc5 bxc5 15. Rc1 cxd5 16. Nxd5 Nc6 17. Rxc5 Nd4 18. f3 Nd7 19. Rc4 Nb6 20. Nxb6 Qxb6 21. Nxd4 exd4 22. Rb4 Qd6 23. Bb1 Rfd8 24. Qd3 Rd7 25. e5 Qxe5 26. Qh7+ Kf8 27. Qh8+ Ke7 28. Qxa8 Qe3+ 29. Kh1 Bg6 30. Bxg6 fxg6 31. Qe4+ Kf6 32. Qxe3 dxe3 33. Re1 1-0

[Event "Wch Seniors 12th"]
[Site "Naumburg"]
[Date "2002.10.30"]
[Round "8"]
[White "Fiedler, Eduard"]
[Black "Dahlhaus, Friedhelm"]
[Result "0-1"]
[WhiteElo "1597"]
[BlackElo "2233"]
[PlyCount "60"]
[EventDate "2002.10.21"]
[EventType "swiss"]
[EventRounds "11"]
[EventCountry "GER"]
[SourceTitle "EXT 2006"]
[Source "ChessBase"]
[SourceDate "2005.11.24"]
[SourceVersion "1"]
[SourceVersionDate "2005.11.24"]
[SourceQuality "1"]

1. e4 e5 2. Bc4 Nf6 3. Nc3 Nc6 4. d3 Bc5 5. Nf3 d6 6. 0-0 Bg4 7. h3 Bh5 8. Bg5 h6 9. Bxf6 Qxf6 10. Nd5 Qd8 11. c3 0-0 12. b4 Bb6 13. a4 a6 14. a5 Ba7 15. g4 Bg6 16. Kg2 Ne7 17. Ne3 c6 18. Nf5 d5 19. Nxe7+ Qxe7 20. exd5 cxd5 21. Bxd5 Rad8 22. Qb3 h5 23. Be4 hxg4 24. hxg4 Bxe4 25. dxe4 Qf6 26. Rad1 Qf4 27. g5 Qg4+ 28. Kh2 Qxf3 29. Rxd8 Rxd8 30. g6 Qh5+ 0-1

[Event "Wch Seniors 12th"]
[Site "Naumburg"]
[Date "2002.10.22"]
[Round "2"]
[White "Fiedler, Eduard"]
[Black "Bleher, Walter"]
[Result "1/2-1/2"]
[WhiteElo "1597"]
[BlackElo "1895"]
[PlyCount "154"]
[EventDate "2002.10.21"]
[EventType "swiss"]
[EventRounds "11"]
[EventCountry "GER"]
[SourceTitle "EXT 2006"]
[Source "ChessBase"]
[SourceDate "2005.11.24"]
[SourceVersion "1"]
[SourceVersionDate "2005.11.24"]
[SourceQuality "1"]

1. e4 c5 2. Nc3 Nc6 3. f4 g6 4. Nf3 Bg7 5. Bc4 a6 6. a4 e6 7. 0-0 Nge7 8. e5 Nf5 9. Bd3 d5 10. Bxf5 exf5 11. d4 cxd4 12. Nxd4 0-0 13. Nce2 Re8 14. c3 f6 15. exf6 Bxf6 16. Kh1 Qd6 17. Qd3 Bd7 18. b3 Rad8 19. Ba3 Qc7 20. Ng3 Nxd4 21. cxd4 Re6 22. Rac1 Bc6 23. h3 Rde8 24. Rf3 Qg7 25. Nxf5 Qc7 26. Ng3 Kg7 27. f5 Re4 28. fxg6 hxg6 29. Rxf6 Kxf6 30. Nxe4+ Rxe4 31. Rf1+ Rf4 32. Bc1 Rxf1+ 33. Qxf1+ Kg7 34. Bf4 Qf7 35. Be5+ Kg8 36. Qc1 Be8 37. Qh6 Qh7 38. Qg5 Qf7 39. h4 Kh7 40. Kh2 Bd7 41. Qd8 Be8 42. a5 Kg8 43. b4 Kh7 44. Qg5 Bd7 45. Qd8 Be8 46. Qg5 Bd7 47. Qd8 Be8 48. Qg5 Bd7 49. Bf4 Be8 50. Qh6+ Kg8 51. Be5 Qh7 52. Qg5 Qf7 53. h5 Kh7 54. h6 Qf8 55. Bg7 Qf5 56. Qxf5 gxf5 57. Kg3 Kg6 58. Kf4 Ba4 59. g4 fxg4 60. Kxg4 Kf7 61. Kf5 Bc6 62. Bf6 Kg8 63. Ke6 Kh7 64. Bg5 Kg6 65. Bf4 Kh7 66. Kf7 Bb5 67. Ke6 Bc6 68. Kf5 Bb5 69. Kg5 Bc6 70. Be5 Bb5 71. Bg7 Bc6 72. Kf6 Kg8 73. Bf8 Kh7 74. Ke6 Kg8 75. Bd6 Kh7 76. Bf4 Kg6 77. Ke7 Bb5 1/2-1/2

[Event "Ruhr-ch Seniors 9th"]
[Site "Essen"]
[Date "2002.03.06"]
[Round "3"]
[White "Fiedler, Eduard"]
[Black "Hellbing, Horst"]
[Result "0-1"]
[WhiteElo "1614"]
[BlackElo "1946"]
[PlyCount "98"]
[EventDate "2002.03.??"]
[EventType "swiss"]
[EventRounds "9"]
[EventCountry "GER"]
[SourceTitle "EXT 2006"]
[Source "ChessBase"]
[SourceDate "2005.11.24"]
[SourceVersion "1"]
[SourceVersionDate "2005.11.24"]
[SourceQuality "1"]

1. e4 e5 2. Nf3 Nc6 3. d4 exd4 4. Nxd4 Nf6 5. Nxc6 bxc6 6. Bd3 d5 7. e5 Ng4 8. Bf4 Bc5 9. 0-0 g5 10. Bg3 h5 11. h3 h4 12. Bh2 Nxh2 13. Kxh2 Qe7 14. c3 Qxe5+ 15. Kh1 Be6 16. Nd2 Qf4 17. Re1 Kd7 18. Re2 g4 19. Qf1 Bd6 20. Qg1 Rag8 21. hxg4 Bxg4 22. f3 Be6 23. Nf1 h3 24. g3 Qxf3+ 25. Kh2 Qxd3 26. Rae1 Rg6 27. Qf2 Qf5 28. Qe3 Qg5 29. Qf3 Rf6 30. Qe3 Qxe3 31. Nxe3 Rg8 32. Rg1 Bc5 33. Rf1 Rgg6 34. Rxf6 Rxf6 35. Nc2 Rf3 36. Ne1 Rf1 37. Nd3 Bg1+ 38. Kh1 Bf5 39. Ne5+ Kc8 40. Nxc6 Be4+ 41. Rxe4 dxe4 42. Ne7+ Kd7 43. Nd5 Kd6 44. c4 c6 45. Nc3 Ke5 46. a4 Re1 47. Na2 Kf5 48. b4 Kg4 49. b5 Bf2+ 0-1

[Event "GER Cup Amateur Seniors 1st"]
[Site "Voelklingen"]
[Date "2000.10.10"]
[Round "5"]
[White "Gimber, Robert"]
[Black "Fiedler, Eduard"]
[Result "1-0"]
[WhiteElo "1684"]
[BlackElo "1736"]
[PlyCount "64"]
[EventDate "2000.10.??"]
[EventType "swiss"]
[EventRounds "9"]
[EventCountry "GER"]
[SourceTitle "EXT 2004"]
[Source "ChessBase"]
[SourceDate "2003.11.25"]
[SourceVersion "1"]
[SourceVersionDate "2003.11.25"]
[SourceQuality "1"]

1. Nf3 d5 2. d4 Nf6 3. c4 c6 4. Nc3 e6 5. Bg5 Be7 6. e3 0-0 7. Rc1 Nbd7 8. Bd3 a6 9. 0-0 dxc4 10. Bxc4 Re8 11. Bd3 h6 12. Bh4 Nd5 13. Bxe7 Qxe7 14. e4 Nf4 15. Bb1 Nf8 16. Qd2 N8g6 17. e5 Rd8 18. Qe3 b5 19. Ne4 Bd7 20. Nc5 Be8 21. Be4 Qc7 22. Nd2 f6 23. f3 f5 24. Bd3 Ra7 25. g3 Nd5 26. Qe2 Kh7 27. f4 Nh8 28. Nf3 Nf7 29. Bc2 a5 30. Bd1 g6 31. Nxe6 Qb6 32. Nxd8 Qxd8 1-0

[Event "GER Cup Amateur Seniors 1st"]
[Site "Voelklingen"]
[Date "2000.10.08"]
[Round "3"]
[White "Pukropski, Walter"]
[Black "Fiedler, Eduard"]
[Result "1-0"]
[WhiteElo "1796"]
[BlackElo "1736"]
[PlyCount "135"]
[EventDate "2000.10.??"]
[EventType "swiss"]
[EventRounds "9"]
[EventCountry "GER"]
[SourceTitle "EXT 2004"]
[Source "ChessBase"]
[SourceDate "2003.11.25"]
[SourceVersion "1"]
[SourceVersionDate "2003.11.25"]
[SourceQuality "1"]

1. d4 e5 2. d5 Nf6 3. c4 Bc5 4. e3 d6 5. Be2 0-0 6. Nc3 a6 7. g4 h6 8. h4 Nh7 9. Ne4 Ba7 10. Bd3 f5 11. gxf5 Bxf5 12. Qe2 Nd7 13. Bd2 Nhf6 14. Nxf6+ Qxf6 15. Bxf5 Qxf5 16. Nh3 Nc5 17. Bc3 Rf7 18. 0-0-0 Re8 19. b4 Ne4 20. Be1 b5 21. cxb5 a5 22. bxa5 Rb8 23. a4 Nc5 24. Qc4 Ne4 25. Rh2 Qg4 26. Bc3 Nxf2 27. Qxg4 Nxg4 28. Re2 Nxe3 29. Rd3 Nf5 30. Re4 Ne7 31. Kb2 Bc5 32. Rc4 Nf5 33. Kb3 Ba7 34. Re4 Re8 35. a6 Bb6 36. a5 Ba7 37. Ka4 Rb8 38. Rc4 Re7 39. Rc6 Bc5 40. Rxc5 dxc5 41. a7 Ra8 42. b6 Nd6 43. Bd2 cxb6 44. axb6 Rb7 45. Rb3 Nc8 46. Ba5 Nd6 47. h5 Kf7 48. Rf3+ Kg8 49. Rg3 Nc8 50. Rb3 Kf7 51. Nf2 c4 52. Rb4 Nd6 53. Ng4 e4 54. Ne5+ Kf6 55. Nxc4 Nxc4 56. Rxc4 Ke5 57. Rc7 Rxc7 58. bxc7 Kxd5 59. Kb5 Kd6 60. Kb6 Kd7 61. Kb7 g5 62. Kxa8 Kc8 63. Be1 Kxc7 64. Bf2 Kd8 65. Bg3 g4 66. Be1 Kc7 67. Bf2 Kd8 68. Bg3 1-0

[Event "Essen op04"]
[Site "Essen"]
[Date "2000.04.05"]
[Round "1"]
[White "Rosen, Willy"]
[Black "Fiedler, Eduard"]
[Result "1-0"]
[WhiteElo "2261"]
[BlackElo "1716"]
[PlyCount "45"]
[EventDate "2000.04.05"]
[EventType "swiss"]
[EventRounds "9"]
[EventCountry "GER"]
[SourceTitle "EXT 2007"]
[Source "ChessBase"]
[SourceDate "2006.11.23"]
[SourceVersion "1"]
[SourceVersionDate "2006.11.23"]
[SourceQuality "1"]

1. e4 e5 2. Nf3 Nc6 3. Bb5 Qf6 4. 0-0 Bc5 5. c3 Nge7 6. Re1 0-0 7. d4 exd4 8. e5 Qf5 9. cxd4 Bb6 10. d5 Nb4 11. Nc3 Nexd5 12. Nxd5 Nxd5 13. Qxd5 c6 14. Qd3 Qh5 15. Ba4 Bd8 16. Bc2 g6 17. Bd2 Be7 18. Bc3 b6 19. a4 a5 20. Rad1 Ra7 21. Qe3 c5 22. h3 Bb7 23. Rxd7 1-0